Essential of Livestock Products Technology (Record no. 4570)

MARC details
000 -LEADER
fixed length control field 00531nam a22001697a 4500
008 - FIXED-LENGTH DATA ELEMENTS--GENERAL INFORMATION
fixed length control field 260303b |||||||| |||| 00| 0 eng d
020 ## - INTERNATIONAL STANDARD BOOK NUMBER
ISBN 9789394023468
100 ## - MAIN ENTRY--AUTHOR
Author Gangwar, Mukesh
245 ## - TITLE STATEMENT
Title Essential of Livestock Products Technology
260 ## - PUBLICATION, DISTRIBUTION, ETC. (IMPRINT)
Place of publication New-Delhi
Name of publisher International Books & Periodical Supply Service
Date of publication 2023
300 ## - COLLATION
Pagination ix, 270p.
650 ## - TRACINGS
Main Subject Livestock
Subdivision (1st) Diary
Subdivision (2nd) Agric Technology
700 ## - ADDITIONAL AUTHOR
Additional Author Swami, Shalu 2. Jngir, Apeksha 3. Skunde, Deepdi T.
942 ## - ADDED ENTRY ELEMENTS (KOHA)
Item type Books
050 ## - LIBRARY OF CONGRESS CALL NUMBER
Classification number SF65
Item number .G36
Holdings
Source of classification or shelving scheme Not for loan Permanent location Current location Date acquired Accession No. Full call number Barcode. Copy number Koha item type
Library of Congress Classification   Samuel Ogbemudia Main Library, University of Abuja Samuel Ogbemudia Main Library, University of Abuja 03/03/2026 2024/62165 SF65 .G36 2026-0057 1 Books
Library of Congress Classification   Samuel Ogbemudia Main Library, University of Abuja Samuel Ogbemudia Main Library, University of Abuja 03/03/2026 2025/65636 SF65 .G36 2026-0058 1 Books